| 000 | 00578nam a22002057a 4500 | ||
|---|---|---|---|
| 003 | OSt | ||
| 008 | 260505b |||||||| |||| 00| 0 eng d | ||
| 082 |
_a633.18 _bS94E |
||
| 100 | _aKumar, Sunil. | ||
| 245 |
_aEffect of Crop Establishment Methods, Fertility Levels and Weed Management on Rice (Oryza Sativa) Productivity / _cby Sunil Kumar |
||
| 260 |
_a.- Pusa, Samastipur _b: RAU _c, 2009 |
||
| 300 | _a104p. | ||
| 502 |
_bPh. D. _d2009 |
||
| 650 | _aAgronomy | ||
| 650 | _aRice | ||
| 650 | _aWeed Management | ||
| 650 | _aThesis | ||
| 650 | _aPh. D. | ||
| 942 |
_2ddc _cT |
||
| 999 |
_c50441 _d50441 |
||